LEADER 01245nam a22003735i 4500 001 991002241029707536 007 cr nn 008mamaa 008 121227s1992 de | s |||| 0|eng d 020 $a9783540475392 035 $ab14143136-39ule_inst 040 $aBibl. Dip.le Aggr. Matematica e Fisica - Sez. Matematica$beng 082 04$a512.7$223 084 $aAMS 11R18 084 $aAMS 11R23 084 $aAMS 11R33 084 $aAMS 11S15 084 $aAMS 13B05 084 $aAMS 13B15 084 $aAMS 14E20 100 1 $aGreither, Cornelius$060216 245 10$aCyclic galois extensions of commutative rings$h[e-book] /$cby Cornelius Greither 260 $aBerlin :$bSpringer,$c1992 300 $a1 online resource (x, 146 p.) 440 0$aLecture Notes in Mathematics,$x0075-8434 ;$v1534 650 0$aMathematics 650 0$aAlgebra 650 0$aNumber theory 773 0 $aSpringer eBooks 856 40$uhttp://dx.doi.org/10.1007/BFb0089165$zAn electronic book accessible through the World Wide Web 907 $a.b14143136$b03-03-22$c05-09-13 912 $a991002241029707536 996 $aCyclic Galois extensions of commutative rings$978764 997 $aUNISALENTO 998 $ale013$b05-09-13$cm$d@ $e-$feng$gde $h0$i0 LEADER 02033nam 2200565 a 450 001 9910563061103321 005 20241120175441.0 024 7 $a10.3726/b12583 035 $a(CKB)4340000000238891 035 $a(WaSeSS)Ind00077110 035 $a(oapen)https://directory.doabooks.org/handle/20.500.12854/34317 035 $a(oapen)doab34317 035 $a(EXLCZ)994340000000238891 100 $a20131002d1998|||| || | 101 0 $ager 135 $aur||||||||||| 181 $ctxt$2rdacontent 182 $cc$2rdamedia 183 $acr$2rdacarrier 200 10$a"Ae?lita" $eals morgen gestern heute war : die Zukunftsmodellierung in Jakov Protazanovs Film /$fKatja Huber 210 $aMunich, Germany $cVerlag Otto Sagner$dc1998 215 $a1 online resource (208 p.) 225 1 $aSlavistische Beitra?ge ;$vBand 360 311 08$a3-95479-067-X 320 $aIncludes bibliographical references. 330 $aZum ersten Mal in der Geschichte der jungen sowjetischen Kinematographie versprach ein Film die Kombination von zeitgeno?ssischem Grossstadtleben und Science-Fiction-Abenteuer auf dem Mars. Bis heute setzen sich in Filmwissenschaft und Filmkritik der Ruhm und die Kontroverse um diesen Film fort. Die konstruktivistischen Bu?hnenbilder und Kostu?me von Aleksandra E?kster verhalfen ihm zwar zu dem Pra?dikat "aussergewo?hnlich". 410 0$aSlavistische Beitra?ge ;$vBand 360. 606 $aFilm, TV & radio$2bicssc 610 $aAelita 610 $aFilm 610 $agestern 610 $aheute 610 $aHuber 610 $aJakov 610 $amorgen 610 $aProtazanov 610 $aProtazanovs 610 $aRomanverfilmung 610 $aScience Fiction 610 $aTolstoj 610 $aUtopie 610 $aZukunftsmodellierung 615 7$aFilm, TV & radio 700 $aHuber$b Katja$01222805 801 0$bWaSeSS 801 1$bWaSeSS 906 $aBOOK 912 $a9910563061103321 996 $a"Ae?lita"$92836676 997 $aUNINA